Blaues Licht lyrics - Bonez MC, Raf Camora - Statistiken

Allgemein
  • Dieses Quiz wurde 170 mal gespielt
  • Das Durchschnittsergebnis liegt bei 162 aus 300
Antwortstatistiken
Antwort % Korrekt
blaues
100%
Licht
100%
Audi
96%
RS
96%
hinterm
90%
Seh
86%
zu
84%
Zu
84%
schnell
78%
und
78%
Und
78%
ni
77%
Polizei
75%
War
75%
war
75%
Wir
75%
wir
75%
nie
73%
laut
72%
niemand
72%
verletzt
72%
Hauptsache
70%
war'n
65%
Sie
64%
sie
64%
die
62%
Raumschiff
62%
ein
61%
Hab
61%
entdeckt
58%
Recht
57%
glaubt
52%
glaubt
52%
wie
51%
hab'n
48%
na
46%
da
45%
Ich
42%
ich
42%
mein
40%
ist
38%
im
37%
na na
37%
so
37%
fick
35%
in
35%
ihr
34%
Job
34%
weg
34%
mach
33%
Mach
33%
Finger
31%
der
30%
geben
30%
lutschen
30%
Schwanz
30%
Während
30%
während
30%
All
29%
Wien
29%
ET
28%
mich
28%
sich
28%
Keiner
27%
keiner
27%
ganz
26%
Jahr
26%
aus
25%
Bin
25%
City
25%
Eines
25%
Geld
25%
Gigi
25%
stell
25%
Vegas
25%
Weltall
25%
Bruder
24%
diese
24%
Kopf
24%
Wrestlingstars
24%
Attitüde
23%
fickt
23%
meiner
23%
Aber
22%
Immer
22%
müde
22%
oben
22%
tot
22%
was
22%
Ah
21%
Chayas
21%
top
21%
Alben
20%
bis
20%
Handgranaten
20%
Hause
20%
Hits
20%
Kapitän
20%
mies
20%
sagt
20%
wach
20%
ihn
19%
nix
19%
paar
19%
Clip
18%
Krankenwagen
18%
Piranha
18%
Schläge
18%
gucken
17%
kriegen
17%
meinen
17%
Panoramahotel
17%
T-Rex
17%
Glocks
16%
IRA
16%
klau'n
16%
macht
16%
Pinata
16%
Radar
16%
Schenk
16%
sitz
16%
St. Pauli
16%
Titten
16%
treibe
16%
kopieren
15%
auf'm
14%
Frau'n
14%
Prater
14%
Sound
14%
gefloppt
13%
Opps
13%
Spock
11%
Sternzeichen
11%
TMAX
11%
Jagen
10%
Keine übereinstimmenden Quizze gefunden
Verteilung der Resultate
Anzahl Personen mit jedem Resultat
Perzentil nach korrekt beantworteten Fragen
Ihre Resultats-Entwicklung
Sie haben dieses Quiz noch nicht gespielt